| 000 | 00913cab a2200253 4500 | ||
|---|---|---|---|
| 001 | ABS56716 | ||
| 008 | 090401t1997 xxu||||| |||| 00| 0 eng d | ||
| 035 | _a(Sirsi) u98314 | ||
| 041 | _aeng | ||
| 245 | _aHedging your bets | ||
| 260 | _c1997 | ||
| 350 | _a0 | ||
| 490 |
_aEstates Gazette _v(9712) 22 March 1997, 146-148(3) |
||
| 520 | _aMainly for students article discussing to what degree is property as an investment a hedge against inflation with reference to a recent survey and the key findings of 13 authors. References to articles in Journal of Property Finance, see ABS54718-54722 and ABS54784 and ABS54787. | ||
| 650 | _aASSETS | ||
| 650 | _aINFLATION HEDGING CAPACITY | ||
| 650 | _aINVESTMENT PROPERTY | ||
| 650 | _aPROPERTY INVESTMENT | ||
| 650 | _aPROPERTY INVESTORS | ||
| 650 | _aSURVEY | ||
| 690 | _aPROPERTY-PROPERTY FINANCE AND INVESTMENT | ||
| 942 | _n0 | ||
| 948 | _c02/04/1997 | ||
| 999 |
_c59749 _d59749 |
||